000 00614nam a2200217Ia 4500
005 20250923144428.0
008 008 250917s9999 xx 000 0 eng d
037 _aTextual
040 _aDSWL
_beng
_cDSWL
041 _aeng
_2eng
084 _aT9(Y4).2t, H8
_qDSWL
100 _aAbott, A
_9824799
245 0 _aReport on vocational education in India with a section on general education administration
_cby A Abott
260 _c1948
300 _a140p.
365 _aINR
_b140
700 _aS WOOD
_9824800
925 _g140
942 _cTEXL
_hT9(Y4).2t, H8
999 _c1438746
_d1438746